000 00431nam a2200157 i 4500
001 92894
003 ES-MaACL
005 20230906181100.0
007 t|
008 050330s1969 sp ||||1| spa d
100 1 _aLizondo, Joaquín.
_972629
245 1 3 _aEl enigmático Marte /
_cpor Joaquín Lizondo.
260 _aBarcelona :
_bTelstar,
_c1969.
300 _a289 p., 39 lám. ;
_c19 cm.
852 _aES-MaACL
_jC-40016
_bR.72103
999 _c92894
_d92894